El giro ambiental de las ciencias sociales /
Guardado en:
| Hovedforfatter: | |
|---|---|
| Andre forfattere: | |
| Format: | Texto |
| Tags: |
Tilføj Tag
Ingen Tags, Vær først til at tagge denne postø!
|
MARC
| LEADER | 00000 a a2200000 04500 | ||
|---|---|---|---|
| 001 | 47710 | ||
| 003 | |||
| 040 | |||
| 100 | |a Alvarado, Sara Victoria | ||
| 245 | |a El giro ambiental de las ciencias sociales / |c Sara Victoria Alvarado, Jaime Pineda Muñoz | ||
| 700 | |a Pineda Muñoz, Jaime | ||
| 773 | |g número41, (2014), páginas 13-25 | ||
| 999 | |c 27157 |d 27157 | ||
